International Studies (Record no. 569793)

MARC details
000 -LEADER
fixed length control field 00516nam a2200193Ia 4500
008 - FIXED-LENGTH DATA ELEMENTS--GENERAL INFORMATION
fixed length control field 250326s9999 xx 000 0 und d
020 ## - INTERNATIONAL STANDARD BOOK NUMBER
ISBN 9781071814390
Paper back/Hardbound pbk
041 ## - LANGUAGE CODE
Language code of text/sound track or separate title eng
082 ## - DEWEY DECIMAL CLASSIFICATION NUMBER
Classification number 327
Item number STR
100 ## - MAIN ENTRY--AUTHOR NAME
Personal name Straus Scott
245 #0 - TITLE STATEMENT
Title International Studies
250 ## - EDITION STATEMENT
Edition statement 2nd edition
260 ## - PUBLICATION, DISTRIBUTION, ETC. (IMPRINT)
Name of publisher Sage Publications
Year of publication 2022
Place of publication new delhi
300 ## - PHYSICAL DESCRIPTION
Number of Pages 520 pages
Other physical details 23 cm
504 ## - BIBLIOGRAPHY, ETC. NOTE
Bibliography, etc Includes index
650 ## - SUBJECT ADDED ENTRY--TOPICAL TERM
Topical Term intergovernmental organizations; sites of global governance
942 ## - ADDED ENTRY ELEMENTS (KOHA)
Koha item type Reference
Holdings
Withdrawn status Lost status Damaged status Not for loan Home library Current library Shelving location Date acquired Cost, normal purchase price Full call number Accession Number Price effective from Koha item type
        Anna Centenary Library Anna Centenary Library 3RD FLOOR, B WING 14.03.2025 7819.20 327 STR 702392 14.03.2025 Reference

Find us on the map